Who Copied Who? - Statistics

General Stats
  • This quiz has been taken 6 times
  • The average score is 10 of 16
Answer Stats
Picture Answer % Correct
Batman
100%
Flash
100%
Green Lantern
100%
Goku
80%
Pokemon
80%
Superman
80%
Astro Boy
60%
Darkseid
60%
Deathstroke
60%
Green Arrow
60%
Megatron
60%
Sonic
60%
Atom
40%
Oswald the rabbit
40%
Wily
40%
Amy Rose
20%
No matching quizzes found
Score Distribution
Percent of People with Each Score
Percentile by Number Answered
Your Score History
You have not taken this quiz